000 00460nam a2200169Ia 4500
003 GCL
008 140319s9999 xx 000 0 eng d
040 _aGCL /
_cGCL
082 0 4 _a668.4234
_bC H
100 1 _aNAKAI, KATE W.
245 1 0 _aHANDBOOK OF POLYFLINS, SYNTHSIS AND PROPERITIES /
_cNAKAI, KATE W.
260 _a[S.N] :
_bMACMILLAN PUBLISHING COMPANY ،
_c1993
300 _a1091 p
650 0 4 _aSYNTHETIC
650 0 4 _aSYNTHESIS
942 _2ddc
_cBK
999 _c13820
_d13820